Nghệ thuật đọc sách báo
Tập sách mỏng hướng dẫn cho đông đảo người đọc cách tổ chức một thư viện cá nhân: tiện nghi và hữu hiệu, cách đọc sách khoa học, tránh bị hao tổn sức khỏe vì việc quá mê đọc sách.
Αποθηκεύτηκε σε:
| Κύριος συγγραφέας: | |
|---|---|
| Μορφή: | Βιβλίο |
| Γλώσσα: | Undetermined |
| Έκδοση: |
Đà Nẵng
Nxb. Đà Nẵng
1993
|
| Θέματα: | |
| Ετικέτες: |
Προσθήκη ετικέτας
Δεν υπάρχουν, Καταχωρήστε ετικέτα πρώτοι!
|
| Thư viện lưu trữ: | Trung tâm Học liệu Trường Đại học Cần Thơ |
|---|
| LEADER | 00829nam a2200193Ia 4500 | ||
|---|---|---|---|
| 001 | CTU_40442 | ||
| 008 | 210402s9999 xx 000 0 und d | ||
| 082 | |a 028 | ||
| 082 | |b J43 | ||
| 100 | |a Adrien Jean | ||
| 245 | 0 | |a Nghệ thuật đọc sách báo | |
| 245 | 0 | |c Adrien Jean, Tế Xuyên | |
| 260 | |a Đà Nẵng | ||
| 260 | |b Nxb. Đà Nẵng | ||
| 260 | |c 1993 | ||
| 520 | |a Tập sách mỏng hướng dẫn cho đông đảo người đọc cách tổ chức một thư viện cá nhân: tiện nghi và hữu hiệu, cách đọc sách khoa học, tránh bị hao tổn sức khỏe vì việc quá mê đọc sách. | ||
| 650 | |a books and reading | ||
| 904 | |i Nguyễn Quang Điền, 010312 | ||
| 980 | |a Trung tâm Học liệu Trường Đại học Cần Thơ | ||